[Event "ACP Golden Classic Tournament 2012"]
[Site "Amsterdam NED"]
[Date "2012.07.15"]
[Round "2.1"]
[White "Jobava, Baadur"]
[Black "Sasikiran, Krishnan"]
[Result "0-1"]
[WhiteElo "2730"]
[BlackElo "2707"]
[PlyCount "85"]
[EventDate "2012.07.14"]
[EventType "tourn"]
[EventRounds "7"]
[EventCountry "NED"]
[EventCategory "19"]
[Source "lmi"]
[SourceDate "2012.07.14"]

1. e4 e5 2. Nf3 Nc6 3. Bc4 Bc5 4. c3 Bb6 5. d3 Nf6 6. O-O d6 7. Nbd2 Ne7 8. Bb3
c6 9. Nc4 Bc7 10. Bg5 Ng6 11. Nh4 Nf4 12. Nf5 Bxf5 13. exf5 Qd7 14. Ne3 N4d5
15. Nxd5 Nxd5 16. Bxd5 cxd5 17. Qf3 f6 18. Be3 Qf7 19. a4 a5 20. d4 O-O 21. Ra3
e4 22. Qe2 Qd7 23. g4 g6 24. Qb5 Qf7 25. Rb3 gxf5 26. gxf5 Kh8 27. Qe2 Rg8+ 28.
Kh1 Qg7 29. f4 b6 30. Rb5 Qd7 31. Rxd5 Qxa4 32. Rb5 d5 33. Rxd5 Rg7 34. Bf2
Bxf4 35. Qxe4 Re8 36. Qf3 Reg8 37. Re1 Qc6 38. Bh4 Rg4 39. Bf2 Rg2 40. Bg1 Rxb2
41. c4 Qc7 42. Rb5 Ra2 43. d5 0-1

[Event "ACP Golden Classic Tournament 2012"]
[Site "Amsterdam NED"]
[Date "2012.07.19"]
[Round "5.1"]
[White "Sasikiran, Krishnan"]
[Black "Kamsky, Gata"]
[Result "0-1"]
[WhiteElo "2707"]
[BlackElo "2744"]
[PlyCount "81"]
[EventDate "2012.07.14"]
[EventType "tourn"]
[EventRounds "7"]
[EventCountry "NED"]
[EventCategory "19"]
[Source "lmi"]
[SourceDate "2012.07.14"]

1. d4 Nf6 2. c4 e6 3. Nc3 Bb4 4. Nf3 b6 5. Bg5 Bb7 6. Nd2 h6 7. Bh4 Nc6 8. e3
g5 9. Bg3 Ne7 10. Qc2 Nf5 11. Be5 Bxc3 12. Qxc3 d6 13. Bg3 Qe7 14. f3 Nxg3 15.
hxg3 c5 16. O-O-O O-O-O 17. Bd3 h5 18. Bc2 h4 19. g4 Rhg8 20. a3 cxd4 21. exd4
Kb8 22. Kb1 Rc8 23. Qb4 Qc7 24. Rc1 d5 25. Bb3 dxc4 26. Nxc4 Nd5 27. Qd2 Qf4
28. Qf2 Nf6 29. Qe1 Bd5 30. Qb4 Qxd4 31. Qd6+ Ka8 32. Qe7 Qd3+ 33. Ka2 Rxc4 34.
Bxc4 Bxc4+ 35. Ka1 Nd5 36. Qxf7 Rc8 37. Qxe6 Kb7 38. Qf5 Qb3 39. Rxc4 Qxc4 40.
Qxg5 Qb3 41. Qxh4 0-1